000 00238nam a22000977a 4500
999 _c16131
_d16131
003 OSt
008 191108b ||||| |||| 00| 0 eng d
100 _aDixit,C G.
_94561
245 _aA textbook of Engineering workshop technology
942 _cBK